| Tag |
First Indicator |
Second Indicator |
Subfields |
| LEADER |
00000pam a2200000 a 4500 |
| 001 |
in00000577486 |
| 005 |
20151014073448.0 |
| 008 |
851022s1986 enka b 00100 eng |
| 010 |
|
|
|a 85026011
|
| 020 |
|
|
|a 0412244101 (U.S.)
|
| 035 |
|
|
|a (OCoLC)12804278
|
| 035 |
|
|
|9 ACP4514AM
|
| 040 |
|
|
|a DLC
|c DLC
|d m/c
|d TXA
|d UtOrBLW
|
| 049 |
|
|
|a TXAM
|c [A10135309]
|
| 050 |
0 |
0 |
|a TD890
|b .H36 1986
|
| 082 |
0 |
|
|a 628.5/3
|2 19
|
| 245 |
0 |
0 |
|a Handbook of air pollution analysis /
|c edited by Roy M. Harrison and Roger Perry.
|
| 250 |
|
|
|a 2nd ed.
|
| 264 |
|
1 |
|a London ;
|a New York :
|b Chapman and Hall,
|c 1986.
|
| 300 |
|
|
|a xxii, 634 pages :
|b illustrations ;
|c 24 cm.
|
| 336 |
|
|
|a text
|b txt
|2 rdacontent
|
| 337 |
|
|
|a unmediated
|b n
|2 rdamedia
|
| 338 |
|
|
|a volume
|b nc
|2 rdacarrier
|
| 504 |
|
|
|a Includes bibliographies and index.
|
| 650 |
|
0 |
|a Air
|x Pollution
|x Measurement
|x Handbooks, manuals, etc.
|
| 650 |
|
0 |
|a Environmental chemistry
|v Handbooks, manuals, etc.
|
| 700 |
1 |
|
|a Harrison, Roy M.,
|d 1948-
|
| 700 |
1 |
|
|a Perry, Roger,
|d 1940-1995.
|
| 999 |
|
|
|a MARS
|
| 999 |
f |
f |
|s fb98b457-9eb1-3175-bd0e-f6a33867d113
|i d28d0220-545d-3c86-ad64-8e67676ec1be
|t 0
|
| 952 |
f |
f |
|p ric
|a Texas A&M University
|b Rellis Campus
|c Joint Library Facility
|d Remote Storage
|t 0
|e TD890 .H36 1986
|h Library of Congress classification
|i unmediated -- volume
|m A14810135309
|
| 998 |
f |
f |
|a TD890 .H36 1986
|t 0
|l Remote Storage
|